<?xml version="1.0" encoding="UTF-8"?>
<collection xmlns="http://www.loc.gov/MARC21/slim">
 <record>
  <leader>01565nam a2200193Ia 4500</leader>
  <controlfield tag="001">CTU_16502</controlfield>
  <controlfield tag="008">210402s9999    xx            000 0 und d</controlfield>
  <datafield tag="082" ind1=" " ind2=" ">
   <subfield code="a">537.9</subfield>
  </datafield>
  <datafield tag="082" ind1=" " ind2=" ">
   <subfield code="b">Đ108</subfield>
  </datafield>
  <datafield tag="100" ind1=" " ind2=" ">
   <subfield code="a">Đặng Văn Đào</subfield>
  </datafield>
  <datafield tag="245" ind1=" " ind2="0">
   <subfield code="a">Kĩ thuật điện</subfield>
  </datafield>
  <datafield tag="245" ind1=" " ind2="0">
   <subfield code="b">Lí  thuyết,  bài tập cho đáp số, bài tập giải sẵn</subfield>
  </datafield>
  <datafield tag="245" ind1=" " ind2="0">
   <subfield code="c">Đặng Văn Đào, Lê Văn Doanh</subfield>
  </datafield>
  <datafield tag="260" ind1=" " ind2=" ">
   <subfield code="a">Hà Nội</subfield>
  </datafield>
  <datafield tag="260" ind1=" " ind2=" ">
   <subfield code="b">KHKT</subfield>
  </datafield>
  <datafield tag="260" ind1=" " ind2=" ">
   <subfield code="c">1997</subfield>
  </datafield>
  <datafield tag="520" ind1=" " ind2=" ">
   <subfield code="a">Nội dung sách gồm 3 phần chính: Phần 1: Mạch điện gồm 6 chương cung cấp các kiến thức cơ bản về mạch điện ( thông số, mô hình, các định luật cơ bản ), các phương pháp tính toán mạch điện một pha và ba pha ở chế độ xác lập, chế độ quá độ và mạch phi tuyến.     Phần 2: Máy điện gồm 5 chương trình bày nguyên lí, cấu tạo và các tính năng kĩ thuật và ứng dụng của các loại máy điện cơ bản thường gặp.     Phần 3: Điện tử công suất và điều khiển máy điện gồm 2 chương trình bày các linh kiện điện tử công suất và những ứng dụng chủ yếu của chúng trong các thiết bị chỉnh lưu, nghịch lưu, biến tần và điều khiển máy điện.</subfield>
  </datafield>
  <datafield tag="650" ind1=" " ind2=" ">
   <subfield code="a">electricity</subfield>
  </datafield>
  <datafield tag="980" ind1=" " ind2=" ">
   <subfield code="a">Trung tâm Học liệu Trường Đại học Cần Thơ</subfield>
  </datafield>
 </record>
</collection>
